| 000 | 00878nas a2200301 4500 | ||
|---|---|---|---|
| 001 | BR0601664 | ||
| 003 | BR-BrBNA | ||
| 005 | 20231205105942.0 | ||
| 007 | ta | ||
| 008 | 230509b bl.|||p| |||| 00| 00por d | ||
| 040 |
_aBR-BrBNA _bpor _cBiblioteca Nacional de Agricultura |
||
| 041 | _a(Pt) | ||
| 072 | _aQ03 | ||
| 100 | 1 | _aFeitosa Neto, A. | |
| 100 | 1 | _aSilva, J.L. da | |
| 100 | 1 | _aMoura, G.J.B. de | |
| 100 | 1 | _aCalazans, G.M.T. | |
| 245 | 1 | _aAvaliação da qualidade da água potável de escolas públicas do Recife, PE | |
| 650 | _aÁGUA POTÁVEL | ||
| 650 | _aESCOLA | ||
| 650 | _aANÁLISE MICROBIOLÓGICA | ||
| 650 | _aCOLIFORME | ||
| 650 | _aBACTÉRIA | ||
| 650 | _aPERNAMBUCO | ||
| 773 | 0 |
_tHigiene Alimentar (Brazil) _xISSN 0101-9171 _g(Mar 2006), v. 20(139) p. 80-82 _wBR0601664 |
|
| 909 |
_a202311 _bLúcia _c55 _dLúcia Elande |
||
| 942 |
_2AGRIS _n0 _cANA |
||
| 999 |
_c185515 _d185515 |
||